Unit operations of chemical engineering (Record no. 3799)

000 -LEADER
fixed length control field 00652nam a2200241 a 4500
001 - CONTROL NUMBER
control field 3799
003 - CONTROL NUMBER IDENTIFIER
control field BD-DhUET
008 - FIXED-LENGTH DATA ELEMENTS--GENERAL INFORMATION
fixed length control field 850523s1985 nyua b 001 0 eng
020 ## - INTERNATIONAL STANDARD BOOK NUMBER
International Standard Book Number 0070448280
040 ## - CATALOGING SOURCE
Modifying agency BD-DhUET
Transcribing agency 0
082 0# - DEWEY DECIMAL CLASSIFICATION NUMBER
Classification number 660.2842
Item number MCC/1985
100 1# - MAIN ENTRY--PERSONAL NAME
Personal name McCabe, Warren L.
245 10 - TITLE STATEMENT
Title Unit operations of chemical engineering
250 ## - EDITION STATEMENT
Edition statement 4th ed.
260 ## - PUBLICATION, DISTRIBUTION, ETC. (IMPRINT)
Place of publication, distribution, etc. New York
Name of publisher, distributor, etc. McGraw-Hill
Date of publication, distribution, etc. 1985
300 ## - PHYSICAL DESCRIPTION
Extent x, 960 p.
Other physical details ill.
Dimensions 25 cm.
490 1# - SERIES STATEMENT
Series statement McGraw-Hill chemical engineering series
504 ## - BIBLIOGRAPHY, ETC. NOTE
Bibliography, etc Includes bibliographies
650 #0 - SUBJECT ADDED ENTRY--TOPICAL TERM
Topical term or geographic name as entry element Chemical Processer
700 1# - ADDED ENTRY--PERSONAL NAME
Personal name Smith, Julian C.
700 1# - ADDED ENTRY--PERSONAL NAME
Personal name Harriott, Peter.
942 ## - ADDED ENTRY ELEMENTS (KOHA)
Koha item type General Book
Holdings
Price effective from Koha normalized classification for sorting Koha date last seen Not for loan Withdrawn status Shelving location Koha full call number Piece designation (barcode) Date acquired Source of classification or shelving scheme Damaged status Koha date last borrowed Location (home branch) Koha issues (times borrowed) Sublocation or collection (holding branch) Koha item type Copy number Lost status
2014-11-05660_000000000000000_2842MCC1982016-10-23  Circulation section660.2842/MCC/1985727392014-11-05   Central Library, BUET Central Library, BUETGeneral Book1 
2014-11-05660_000000000000000_2842MCC1982014-11-05  Circulation section660.2842/MCC/1985775492014-11-05   Central Library, BUET Central Library, BUETGeneral Book2 
2014-11-05660_000000000000000_2842MCC1982018-12-04  Circulation section660.2842/MCC/1985775502014-11-05  2018-11-14Central Library, BUET2Central Library, BUETGeneral Book3 
2015-07-01660_284200000000000_MCC_19852015-07-01  Reading section660.2842/MCC/1985687312015-07-01   Central Library, BUET Central Library, BUETReading Item4 
2024-11-25660_284200000000000_MCC_19852024-11-25  Rental section660.2842 MCC/1985739101989-06-27   Central Library, BUET Central Library, BUETRental Item৪/ক-১ 
2024-11-25660_284200000000000_MCC_19852024-11-25  Rental section660.2842 MCC/1985739111989-06-27   Central Library, BUET Central Library, BUETRental Item৪/ক-২ 
2024-11-25660_284200000000000_MCC_19852024-11-25  Rental section660.2842 MCC/1985739121989-06-27   Central Library, BUET Central Library, BUETRental Item৪/ক-৩ 
2024-11-25660_284200000000000_MCC_19852024-11-25  Rental section660.2842 MCC/1985739131989-06-27   Central Library, BUET Central Library, BUETRental Item৪/ক-৪ 
2024-11-25660_284200000000000_MCC_19852024-11-25  Rental section660.2842 MCC/1985739141989-06-27   Central Library, BUET Central Library, BUETRental Item৪/ক-৫ 
2024-11-25660_284200000000000_MCC_19852024-11-25  Rental section660.2842 MCC/1985739151989-06-27   Central Library, BUET Central Library, BUETRental Item৪/ক-৬ 
2024-11-25660_284200000000000_MCC_19852024-11-25  Rental section660.2842 MCC/1985739161989-06-27   Central Library, BUET Central Library, BUETRental Item৪/ক-৭ 
2024-11-25660_284200000000000_MCC_19852024-11-25  Rental section660.2842 MCC/1985739171989-06-27   Central Library, BUET Central Library, BUETRental Item৪/ক-৮ 
2024-11-25660_284200000000000_MCC_19852024-11-25  Rental section660.2842 MCC/1985739181989-06-27   Central Library, BUET Central Library, BUETRental Item৪/ক-৯ 
2024-11-25660_284200000000000_MCC_19852024-11-25  Rental section660.2842 MCC/1985739191989-06-27   Central Library, BUET Central Library, BUETRental Item৪/ক-১০ 
2024-11-25660_284200000000000_MCC_19852024-11-25  Rental section660.2842 MCC/1985739341989-06-27   Central Library, BUET Central Library, BUETRental Item৪/ক-২৫ 
2024-11-25660_284200000000000_MCC_19852024-11-25  Rental section660.2842 MCC/1985739351989-06-27   Central Library, BUET Central Library, BUETRental Item৪/ক-২৬